[Event "Frauenbundesliga 2018/2019"]
[Site "St.Veit/Glan Fuchspalast & Blumenhalle; Jenbach Veranstaltungszentrum"]
[Date "2019.01.20"]
[Round "5"]
[Board "2"]
[White "Truszkiewicz, Eliza"]
[Black "Mayrhuber, Nikola"]
[Result "1-0"]
[WhiteElo "1909"]
[BlackElo "1983"]
[PlyCount "103"]
[EventDate "2018.11.17"]
[EventType "team"]
[EventRounds "7"]
[EventCountry "AUT"]
[WhiteTeam "SK DolomitenBank Lienz"]
[BlackTeam "SK Mayrhofen/Zell/Zillertal"]

1. e4 c6 2. d4 d5 3. Nc3 dxe4 4. Nxe4 Nf6 5. Nxf6+ exf6 6. c3 Bd6 7. Bd3 O-O 8.
Ne2 Re8 9. O-O Qc7 10. Ng3 Be6 11. f4 c5 12. d5 Bd7 13. c4 b5 14. b3 bxc4 15.
bxc4 Na6 16. Ne4 Nb4 17. Bb1 Bf8 18. a3 Na6 19. Qh5 Rxe4 20. Bxe4 g6 21. Qh4
Re8 22. Bd3 f5 23. Bb2 Bg7 24. Bxg7 Kxg7 25. Qf2 Qa5 26. Rfe1 Nc7 27. Rxe8 Nxe8
28. Qb2+ Nf6 29. Kf2 Qa6 30. Re1 Kh6 31. g3 Nxd5 32. Qe5 Nf6 33. Qxc5 Kg7 34.
h3 Be6 35. Rb1 Nd7 36. Qd4+ Kg8 37. Re1 Qxa3 38. Rxe6 fxe6 39. Qxd7 Qb2+ 40.
Be2 Qb6+ 41. Kg2 Qe3 42. Qd3 Qb6 43. Qa3 Qb7+ 44. Bf3 Qb1 45. c5 Qc2+ 46. Kg1
g5 47. fxg5 Qb1+ 48. Kh2 Qc2+ 49. Bg2 e5 50. Qxa7 Qc3 51. Bd5+ Kh8 52. Qb8+  1-0

[Event "Frauenbundesliga 2018/2019"]
[Site "St.Veit/Glan Fuchspalast & Blumenhalle; Jenbach Veranstaltungszentrum"]
[Date "2019.01.20"]
[Round "5"]
[Board "3"]
[White "Wu, Min"]
[Black "Zechner, Andrea"]
[Result "0-1"]
[WhiteElo "1924"]
[BlackElo "1863"]
[PlyCount "50"]
[EventDate "2018.11.17"]
[EventType "team"]
[EventRounds "7"]
[EventCountry "AUT"]
[WhiteTeam "SK Mayrhofen/Zell/Zillertal"]
[BlackTeam "SK DolomitenBank Lienz"]

1. e4 e6 2. d4 d5 3. Nd2 Nf6 4. e5 Nfd7 5. Bd3 c5 6. c3 b6 7. Qe2 Nc6 8. Ndf3
cxd4 9. Bb5 Qc7 10. Nxd4 Ncxe5 11. f4 Nc4 12. f5 e5 13. Bc6 Bb7 14. Bxd7+ Qxd7
15. b3 Be7 16. Ndf3 e4 17. bxc4 exf3 18. Nxf3 O-O 19. O-O Bc5+ 20. Kh1 Qxf5 21.
Nh4 Qe4 22. Qh5 Rae8 23. Bf4 dxc4 24. Bg3 Qe2 25. Qg5 Be7  0-1

[Event "Frauenbundesliga 2018/2019"]
[Site "St.Veit/Glan Fuchspalast & Blumenhalle; Jenbach Veranstaltungszentrum"]
[Date "2019.01.20"]
[Round "5"]
[Board "4"]
[White "Mattersberger, Melanie"]
[Black "Konecny, Sophie"]
[Result "0-1"]
[WhiteElo "1679"]
[BlackElo "1936"]
[PlyCount "60"]
[EventDate "2018.11.17"]
[EventType "team"]
[EventRounds "7"]
[EventCountry "AUT"]
[WhiteTeam "SK DolomitenBank Lienz"]
[BlackTeam "SK Mayrhofen/Zell/Zillertal"]

1. e4 {[%emt 0:00:00]} e6 {[%emt 0:00:00]} 2. d4 d5 3. exd5 exd5 4. Nf3 Nf6 5.
Bd3 c5 6. O-O Be7 7. Re1 O-O 8. Bf4 Nc6 9. c3 Bg4 10. Be2 Qb6 11. Qb3 Rfe8 12.
Nbd2 Bxf3 13. Qxb6 axb6 14. Nxf3 cxd4 15. Nxd4 Nxd4 16. cxd4 Bb4 17. a3 Bxe1
18. Rxe1 Rac8 19. Be5 Nd7 20. Bg4 Nxe5 21. Bxc8 Nf3+ 22. gxf3 Rxe1+ 23. Kg2 Re7
24. f4 Rc7 25. Bf5 g6 26. Bd3 f5 27. Kf3 Kf7 28. h4 Kf6 29. a4 Rc1 30. b4 Rh1
 0-1

[Event "Frauenbundesliga 2018/2019"]
[Site "St.Veit/Glan Fuchspalast & Blumenhalle; Jenbach Veranstaltungszentrum"]
[Date "2019.01.20"]
[Round "5"]
[Board "1"]
[White "Richterova, Natasa"]
[Black "Polterauer, Chiara"]
[Result "1-0"]
[WhiteElo "2227"]
[BlackElo "2218"]
[PlyCount "115"]
[EventDate "2018.11.17"]
[EventType "team"]
[EventRounds "7"]
[EventCountry "AUT"]
[WhiteTeam "Spg Steyr"]
[BlackTeam "SV "Monatsblatt" St.Veit/Glan"]

1. e4 {[%emt 0:00:00]} e5 {[%emt 0:00:00]} 2. Nf3 Nc6 3. Bc4 Bc5 4. c3 Nf6 5.
d3 d6 6. Nbd2 a6 7. a4 Ba7 8. O-O O-O 9. Re1 Ng4 10. Re2 Kh8 11. h3 f5 12. Nf1
fxe4 13. dxe4 Nh6 14. Re1 Qf6 15. N1h2 Qg6 16. Kf1 Bd7 17. Bd5 Ng8 18. Be3 Bxe3
19. Rxe3 Rf4 20. Bxg8 Rxg8 21. Nd2 Rgf8 22. Rf3 Nd8 23. Rxf4 Rxf4 24. Qe1 Ne6
25. f3 Nc5 26. b3 Bc6 27. Kg1 Qg5 28. Kh1 Rh4 29. Nhf1 Nd3 30. Qg3 Qf6 31. Ne3
Nf4 32. Re1 g6 33. Ng4 Qg5 34. Nf1 Bd7 35. Nf2 Qe7 36. Ne3 Nh5 37. Qh2 Qg5 38.
Nf1 Rf4 39. Nd3 Rf8 40. c4 Nf4 41. Nxf4 Rxf4 42. Qg3 Qe7 43. Ne3 Be6 44. Nd5
Bxd5 45. cxd5 c5 46. dxc6 bxc6 47. Re3 Kg7 48. Qe1 Qa7 49. Rd3 Qc5 50. b4 Qc4
51. Rxd6 Rf6 52. Rd7+ Rf7 53. Rd6 Rb7 54. Qa1 Re7 55. Qb2 h5 56. Qd2 Re6 57.
Rd7+ Kf6 58. h4  1-0

[Event "Frauenbundesliga 2018/2019"]
[Site "St.Veit/Glan Fuchspalast & Blumenhalle; Jenbach Veranstaltungszentrum"]
[Date "2019.01.20"]
[Round "5"]
[Board "2"]
[White "Tarmastin, Laura"]
[Black "Saler-Grafenberger, Elisabeth"]
[Result "1-0"]
[WhiteElo "1895"]
[BlackElo "1860"]
[PlyCount "105"]
[EventDate "2018.11.17"]
[EventType "team"]
[EventRounds "7"]
[EventCountry "AUT"]
[WhiteTeam "SV "Monatsblatt" St.Veit/Glan"]
[BlackTeam "Spg Steyr"]

1. e4 d6 2. d4 Nf6 3. Nd2 e5 4. c3 Be7 5. Bc4 O-O 6. Ngf3 Nbd7 7. O-O c6 8. Bb3
Qc7 9. Re1 a5 10. a4 b6 11. Nf1 b5 12. axb5 cxb5 13. Ng3 Nb6 14. Bc2 Bg4 15.
Bd3 exd4 16. cxd4 b4 17. h3 Be6 18. Ng5 h6 19. Nxe6 fxe6 20. Bd2 Qd7 21. Qe2
Ne8 22. Bb5 Qd8 23. Qg4 Nc7 24. Bc6 Bf6 25. Bxa8 Bxd4 26. Be3 Bxe3 27. fxe3
Qxa8 28. Nh5 g5 29. h4 Qd8 30. hxg5 Qxg5 31. Qxg5+ hxg5 32. Rxa5 e5 33. Rc1
Nba8 34. Rd1 Rd8 35. Rxe5 Kf7 36. Rxg5 Ne6 37. Rb5 Ke7 38. Rxb4 Nc5 39. Ng3 Ke6
40. Rc4 Nd7 41. Nf5 Ne5 42. Rcd4 Nf7 43. Kf2 Nc7 44. g4 Ne8 45. Rb4 Rc8 46. Kg3
Nf6 47. Kf4 Rg8 48. Nd4+ Ke7 49. Rb7+ Nd7 50. Rh1 Rg6 51. Rh7 Rf6+ 52. Nf5+ Ke6
53. g5  1-0

[Event "Frauenbundesliga 2018/2019"]
[Site "St.Veit/Glan Fuchspalast & Blumenhalle; Jenbach Veranstaltungszentrum"]
[Date "2019.01.20"]
[Round "5"]
[Board "3"]
[White "Hackbarth, Christa"]
[Black "Krassnitzer, Maria"]
[Result "0-1"]
[WhiteElo "1774"]
[BlackElo "1638"]
[PlyCount "90"]
[EventDate "2018.11.17"]
[EventType "team"]
[EventRounds "7"]
[EventCountry "AUT"]
[WhiteTeam "Spg Steyr"]
[BlackTeam "SV "Monatsblatt" St.Veit/Glan"]

1. d4 Nf6 2. Nf3 g6 3. Bf4 Bg7 4. e3 d6 5. Be2 O-O 6. O-O Nbd7 7. c3 Nh5 8. Bg5
h6 9. Bh4 g5 10. Bg3 f5 11. Ne1 Nxg3 12. hxg3 Nf6 13. Nd2 e5 14. dxe5 dxe5 15.
Qb3+ Kh8 16. Rd1 Qe7 17. Qc2 Be6 18. Nef3 Ng4 19. Nh2 Nxh2 20. Kxh2 f4 21. exf4
exf4 22. gxf4 Rxf4 23. g3 Bf5 24. Bd3 Bxd3 25. Qxd3 Rd8 26. Qc2 Rg4 27. Rde1
Qf7 28. f3 Rxg3 29. Kxg3 Qf4+ 30. Kh3 Be5 31. Rxe5 Rxd2 32. Re8+ Kg7 33. Re7+
Kf8 34. Qxd2 Qxd2 35. Rxc7 Qe2 36. Rg1 Qxf3+ 37. Rg3 Qf5+ 38. Kg2 Qd5+ 39. Kh2
h5 40. Kg1 h4 41. Rg2 Kg8 42. b4 Qd1+ 43. Kf2 g4 44. Rg1 g3+ 45. Kg2 Qe2+  0-1

[Event "Frauenbundesliga 2018/2019"]
[Site "St.Veit/Glan Fuchspalast & Blumenhalle; Jenbach Veranstaltungszentrum"]
[Date "2019.01.20"]
[Round "5"]
[Board "4"]
[White "Kogler, Alexandra"]
[Black "Nagy, Laura"]
[Result "0-1"]
[WhiteElo "1465"]
[BlackElo "1808"]
[PlyCount "58"]
[EventDate "2018.11.17"]
[EventType "team"]
[EventRounds "7"]
[EventCountry "AUT"]
[WhiteTeam "SV "Monatsblatt" St.Veit/Glan"]
[BlackTeam "Spg Steyr"]

1. e4 e5 2. Nf3 Nc6 3. c3 Nf6 4. Bd3 d5 5. exd5 Qxd5 6. Qe2 Bg4 7. Bc4 Qd7 8.
h3 Bxf3 9. Qxf3 e4 10. Qe2 Ne5 11. d4 Nxc4 12. Qxc4 Bd6 13. Bg5 Qf5 14. Bxf6
Qxf6 15. Qb5+ Ke7 16. Qxb7 Rhe8 17. O-O Kf8 18. Qb5 Qf4 19. g3 Qh6 20. Kg2 Rab8
21. Qe2 Re6 22. b4 Qg5 23. Qe3 Qxe3 24. fxe3 Rg6 25. g4 h5 26. Nd2 hxg4 27.
Nxe4 gxh3+ 28. Kxh3 Ke7 29. Nxd6 Rh8#  0-1

[Event "Frauenbundesliga 2018/2019"]
[Site "St.Veit/Glan Fuchspalast & Blumenhalle; Jenbach Veranstaltungszentrum"]
[Date "2019.01.20"]
[Round "5"]
[Board "1"]
[White "Rozman, Monika"]
[Black "Novkovic, Julia"]
[Result "1-0"]
[WhiteElo "2077"]
[BlackElo "2107"]
[PlyCount "165"]
[EventDate "2018.11.17"]
[EventType "team"]
[EventRounds "7"]
[EventCountry "AUT"]
[WhiteTeam "SV Chesshero Rapid Feffernitz"]
[BlackTeam "SK Dornbirn"]

1. e4 Nf6 2. e5 Nd5 3. d4 d6 4. exd6 cxd6 5. Nf3 g6 6. Bc4 Nb6 7. Bb3 Nc6 8.
O-O Bg7 9. Re1 O-O 10. c3 Na5 11. Bg5 Re8 12. Bc2 Nd5 13. Nbd2 Bd7 14. Ne4 Qc7
15. Ng3 Rac8 16. Qe2 b5 17. Bd3 h6 18. Bd2 Nc4 19. Rac1 Bg4 20. Rc2 Nxd2 21.
Rxd2 Nf4 22. Qe4 Nxd3 23. Qxd3 Qc4 24. h3 Bd7 25. Qb1 a5 26. Rde2 Bf8 27. Re3
Qd5 28. Nh4 Kg7 29. f4 e6 30. Nf3 b4 31. Nd2 bxc3 32. bxc3 Rb8 33. Qc2 Rec8 34.
Nf3 Qb5 35. Qf2 Qb2 36. R1e2 Qa1+ 37. Re1 Rb1 38. Rxb1 Qxb1+ 39. Kh2 Rb8 40.
Re2 Qc1 41. d5 Qxc3 42. dxe6 fxe6 43. Rc2 Qb4 44. Rc7 Rb7 45. a3 Qb1 46. Qd4+
Kh7 47. Nd2 Qb5 48. a4 Qb4 49. Qxb4 Rxb4 50. Rxd7+ Bg7 51. Nde4 Kg8 52. Nxd6
Rxa4 53. Nge4 Rb4 54. Nc5 a4 55. Nxe6 Bb2 56. Nf7 Bg7 57. Ra7 a3 58. Nxg7 Kxg7
59. Ne5+ Kf6 60. Ra6+ Kf5 61. g4+ Ke4 62. Rxa3 g5 63. Nd3 Rb8 64. f5 h5 65.
Nc5+ Kd5 66. Ne6 Rb2+ 67. Kg1 Rb1+ 68. Kf2 Rb2+ 69. Ke1 hxg4 70. hxg4 Rb4 71.
Rg3 Ke5 72. Kd2 Ra4 73. Kc2 Kf6 74. Kb3 Re4 75. Rg2 Re1 76. Kc4 Re3 77. Kd4 Re1
78. Rg3 Re2 79. Nc5 Rb2 80. Ne4+ Kg7 81. Nxg5 Ra2 82. Ke5 Ra5+ 83. Kf4  1-0

[Event "Frauenbundesliga 2018/2019"]
[Site "St.Veit/Glan Fuchspalast & Blumenhalle; Jenbach Veranstaltungszentrum"]
[Date "2019.01.20"]
[Round "5"]
[Board "2"]
[White "Kurapova, Olga"]
[Black "Hercog, Nusa"]
[Result "0-1"]
[WhiteElo "1930"]
[BlackElo "2034"]
[PlyCount "66"]
[EventDate "2018.11.17"]
[EventType "team"]
[EventRounds "7"]
[EventCountry "AUT"]
[WhiteTeam "SK Dornbirn"]
[BlackTeam "SV Chesshero Rapid Feffernitz"]

1. d4 d5 2. c4 e6 3. cxd5 exd5 4. Nc3 Nf6 5. Bf4 Bd6 6. Bg3 c6 7. Qc2 O-O 8. e3
Re8 9. Bd3 Qe7 10. Rc1 Nbd7 11. Bxd6 Qxd6 12. Nf3 g6 13. h4 Ng4 14. h5 Rxe3+
15. fxe3 Qg3+ 16. Kd2 Qf2+ 17. Ne2 Qxe3+ 18. Kc3 Nf2 19. hxg6 fxg6 20. Rhe1 b5
21. Nf4 Ne4+ 22. Kb3 Qxf4 23. Bxe4 dxe4 24. Qxc6 Qf7+ 25. d5 Nb6 26. Rxe4 Bb7
27. Qxb5 Qxd5+ 28. Qxd5+ Bxd5+ 29. Rec4 Nxc4 30. Rxc4 Rb8+ 31. Kc3 Bxc4 32.
Kxc4 Rxb2 33. a4 a5  0-1

[Event "Frauenbundesliga 2018/2019"]
[Site "St.Veit/Glan Fuchspalast & Blumenhalle; Jenbach Veranstaltungszentrum"]
[Date "2019.01.20"]
[Round "5"]
[Board "3"]
[White "Tscharnuter, Alexandra"]
[Black "Karner, Sylvia"]
[Result "0-1"]
[WhiteElo "1746"]
[BlackElo "1667"]
[PlyCount "78"]
[EventDate "2018.11.17"]
[EventType "team"]
[EventRounds "7"]
[EventCountry "AUT"]
[WhiteTeam "SV Chesshero Rapid Feffernitz"]
[BlackTeam "SK Dornbirn"]

1. e4 e6 2. d4 d5 3. e5 c5 4. c3 Nc6 5. Nf3 Qb6 6. a3 Nh6 7. b4 cxd4 8. cxd4
Nf5 9. Bb2 Be7 10. Qd3 a6 11. Nbd2 Bd7 12. Be2 Na7 13. Nb3 Bb5 14. Qd2 Bxe2 15.
Qxe2 Rc8 16. O-O O-O 17. Rac1 Nc6 18. Nc5 Rfd8 19. Rc2 a5 20. bxa5 Nxa5 21.
Rfc1 Bxc5 22. Rxc5 Rxc5 23. Rxc5 Nc4 24. Bc3 Ra8 25. Qa2 Ne7 26. Bb4 Nc6 27.
Qe2 Nxb4 28. axb4 Ra1+ 29. Ne1 g6 30. b5 Qa5 31. Kf1 Nd2+ 32. Kg1 Nf3+ 33. gxf3
Rxe1+ 34. Qxe1 Qxe1+ 35. Kg2 Qb4 36. Rc8+ Kg7 37. Rb8 Qxb5 38. f4 Qb1 39. f3 b5
 0-1

[Event "Frauenbundesliga 2018/2019"]
[Site "St.Veit/Glan Fuchspalast & Blumenhalle; Jenbach Veranstaltungszentrum"]
[Date "2019.01.20"]
[Round "5"]
[Board "4"]
[White "Wielander, Magdalena"]
[Black "Zeber, Katja"]
[Result "0-1"]
[WhiteElo "901"]
[BlackElo "1568"]
[PlyCount "96"]
[EventDate "2018.11.17"]
[EventType "team"]
[EventRounds "7"]
[EventCountry "AUT"]
[WhiteTeam "SK Dornbirn"]
[BlackTeam "SV Chesshero Rapid Feffernitz"]

1. e4 e5 2. Nf3 Nc6 3. d4 exd4 4. Bc4 h6 5. O-O d6 6. Bb5 Bd7 7. Nxd4 Nxd4 8.
Bxd7+ Qxd7 9. Qxd4 c5 10. Qd3 O-O-O 11. Nc3 Nf6 12. Rd1 Be7 13. Be3 Ng4 14. h3
Ne5 15. Qb5 Qxb5 16. Nxb5 a6 17. Nc3 Nc4 18. Rab1 Nxe3 19. fxe3 Bg5 20. Nd5
Rhe8 21. b4 Rxe4 22. bxc5 dxc5 23. Nb6+ Kc7 24. Rxd8 Bxe3+ 25. Kf1 Kxd8 26. Nd5
Re5 27. Nxe3 Rxe3 28. Rxb7 Ke8 29. Rb3 Rxb3 30. cxb3 Kd7 31. Ke2 Kc6 32. Kd3
Kd5 33. Kc3 h5 34. h4 f6 35. b4 g5 36. a4 cxb4+ 37. Kxb4 Kc6 38. Ka5 Kb7 39.
Kb4 gxh4 40. Kc4 Kc6 41. Kb4 f5 42. Ka5 f4 43. Kxa6 f3 44. gxf3 h3 45. f4 h2
46. f5 h1=Q 47. f6 Qb1 48. f7 Qb6#  0-1

[Event "Frauenbundesliga 2018/2019"]
[Site "St.Veit/Glan Fuchspalast & Blumenhalle; Jenbach Veranstaltungszentrum"]
[Date "2019.03.30"]
[Round "6"]
[Board "1"]
[White "Theissl-Pokorna, Regina"]
[Black "Richterova, Natasa"]
[Result "1-0"]
[WhiteElo "2304"]
[BlackElo "2227"]
[PlyCount "57"]
[EventDate "2018.11.17"]
[EventType "team"]
[EventRounds "7"]
[EventCountry "AUT"]
[WhiteTeam "ASVOE Pamhagen"]
[BlackTeam "Spg Steyr"]

1.e4 e5 2.Nf3 Nc6 3.Bb5 a6 4.Ba4 b5 5.Bb3 Be7 6.d4 exd4 7.c3 Nf6 8.e5 Ne4 9.Bd5 Nc5
10.cxd4 Na4 11.O-O O-O 12.a3 Nb6 13.Be4 Bb7 14.d5 Nb8 15.Nc3 d6 16.exd6 Qxd6 17.Nd4
Bf6 18.Nf5 Qd7 19.Qf3 Nc4 20.d6 Ne5 21.Qh3 Bxe4 22.Nxe4 Bd8 23.Rd1 cxd6 24.Rxd6 Qb7
25.Nc5 Qc7 26.Be3 Be7 27.Qg3 g6 28.Qxe5 gxf5 29.Rg6+ 1-0

[Event "Frauenbundesliga 2018/2019"]
[Site "St.Veit/Glan Fuchspalast & Blumenhalle; Jenbach Veranstaltungszentrum"]
[Date "2019.03.30"]
[Round "6"]
[Board "2"]
[White "Saler-Grafenberger, Elisabeth"]
[Black "Borek, Jutta"]
[Result "0-1"]
[WhiteElo "1860"]
[BlackElo "2081"]
[PlyCount "80"]
[EventDate "2018.11.17"]
[EventType "team"]
[EventRounds "7"]
[EventCountry "AUT"]
[WhiteTeam "Spg Steyr"]
[BlackTeam "ASVOE Pamhagen"]

1.c4 c5 2.Nc3 Nf6 3.g3 d5 4.cxd5 Nxd5 5.Bg2 Nc7 6.Nf3 Nc6 7.O-O e5 8.d3 Be7 9.a3 O-O
10.Rb1 Be6 11.Qa4 a5 12.Qc2 Rc8 13.Qa4 f6 14.Be3 Qd7 15.Nd2 b5 16.Qd1 Nd4 17.f4 Nf5
18.Bf2 exf4 19.gxf4 a4 20.e4 Nd4 21.f5 Bf7 22.Kh1 Rfd8 23.Rg1 Nc6 24.Bf1 Ne5 25.Rg3
Be8 26.Be2 b4 27.Qg1 Bf8 28.Nd1 Nb5 29.axb4 cxb4 30.d4 Nxd4 31.Bxd4 Qxd4 32.Qxd4 Rxd4
33.Nf3 Nxf3 34.Bxf3 Bd6 35.Rg2 Bf4 36.Nf2 Rc1+ 37.Rg1 Rxg1+ 38.Kxg1 Be3 39.Rd1 Rxd1+
40.Bxd1 a3 0-1

[Event "Frauenbundesliga 2018/2019"]
[Site "St.Veit/Glan Fuchspalast & Blumenhalle; Jenbach Veranstaltungszentrum"]
[Date "2019.03.30"]
[Round "6"]
[Board "4"]
[White "Bernhard, Julia"]
[Black "Horvath, Maria"]
[Result "0-1"]
[WhiteElo "1821"]
[BlackElo "1975"]
[PlyCount "140"]
[EventDate "2018.11.17"]
[EventType "team"]
[EventRounds "7"]
[EventCountry "AUT"]
[WhiteTeam "Spg Steyr"]
[BlackTeam "ASVOE Pamhagen"]

1.e4 e6 2.d4 d5 3.exd5 exd5 4.Nf3 Bd6 5.Bd3 Nc6 6.O-O Nb4 7.Re1+ Ne7 8.c3 Nxd3 9.Qxd3
O-O 10.Bg5 f6 11.Bh4 Nf5 12.Nbd2 c6 13.Bg3 Nxg3 14.hxg3 Bg4 15.Nh4 Qd7 16.Nf1 g5 17.Nf3
Bf5 18.Qd2 Be4 19.N3h2 Rf7 20.f3 Bf5 21.Re2 h5 22.f4 g4 23.Ne3 Be4 24.Rf1 Re8 25.c4
dxc4 26.Nxc4 Bc7 27.Rfe1 Rfe7 28.Qc3 b5 29.Ne3 Bb6 30.Rd1 Bd5 31.Nhf1 a5 32.Nxd5 Qxd5
33.Rxe7 Rxe7 34.Qd3 Qe4 35.Qb3+ Kg7 36.Kh2 Bxd4 37.Nd2 Qe2 38.Nb1 Re3 39.Nc3 Bxc3
40.bxc3 Re7 41.Rd8 Qe6 42.Qd1 a4 43.Qd2 Qe1 44.Qd6 h4 45.f5 hxg3+ 46.Qxg3 Qxg3+ 47.Kxg3
Re3+ 48.Kxg4 Rxc3 49.Rd7+ Kh6 50.Rd6 Rc4+ 51.Kf3 Kg5 52.g3 Kxf5 53.g4+ Kg5 54.Rd8
Rc3+ 55.Ke4 Rc4+ 56.Kf3 Kg6 57.Rd6 Kf7 58.Rd2 b4 59.Rd7+ Ke6 60.Ra7 a3 61.Rb7 c5 62.Rb6+
Ke5 63.Rb8 Rc3+ 64.Ke2 Rc2+ 65.Kd3 Rxa2 66.Kc4 Rc2+ 67.Kb3 Rc3+ 68.Ka2 Kd4 69.Rf8
Rc2+ 70.Kb1 a2+ 0-1

[Event "Frauenbundesliga 2018/2019"]
[Site "St.Veit/Glan Fuchspalast & Blumenhalle; Jenbach Veranstaltungszentrum"]
[Date "2019.03.30"]
[Round "6"]
[Board "1"]
[White "Brunello, Marina"]
[Black "Fuchs, Judith"]
[Result "1-0"]
[WhiteElo "2356"]
[BlackElo "2256"]
[PlyCount "73"]
[EventDate "2018.11.17"]
[EventType "team"]
[EventRounds "7"]
[EventCountry "AUT"]
[WhiteTeam "Schach ohne Grenzen"]
[BlackTeam "SK Mayrhofen/Zell/Zillertal"]

1.e4 c5 2.Nf3 d6 3.d4 cxd4 4.Nxd4 Nf6 5.Nc3 a6 6.Be3 e6 7.Be2 Nbd7 8.g4 h6 9.f4 g5
10.f5 Ne5 11.h3 b5 12.a3 Qe7 13.h4 Rg8 14.hxg5 hxg5 15.Qd2 Nfxg4 16.Bxg4 Nxg4 17.O-O-O
Nxe3 18.Qxe3 Bg7 19.Nc6 Qc7 20.Qxg5 Qxc6 21.Rh7 f6 22.Qg6+ Kf8 23.e5 Qe8 24.exf6 Qxg6
25.fxg6 Bxf6 26.Rf7+ Ke8 27.Rxf6 d5 28.Re1 Kd8 29.Ne2 Ke7 30.Rf7+ Ke8 31.Nf4 Rxg6
32.Rh7 Rg5 33.Nxe6 Bxe6 34.Rh8+ Kd7 35.Rxa8 Bf5 36.Ra7+ Kd8 37.Rh1 1-0

[Event "Frauenbundesliga 2018/2019"]
[Site "St.Veit/Glan Fuchspalast & Blumenhalle; Jenbach Veranstaltungszentrum"]
[Date "2019.03.30"]
[Round "6"]
[Board "2"]
[White "Schnegg, Anna-Lena"]
[Black "Ganzera, Andrea"]
[Result "1-0"]
[WhiteElo "2238"]
[BlackElo "1979"]
[PlyCount "83"]
[EventDate "2018.11.17"]
[EventType "team"]
[EventRounds "7"]
[EventCountry "AUT"]
[WhiteTeam "SK Mayrhofen/Zell/Zillertal"]
[BlackTeam "Schach ohne Grenzen"]

1.c4 Nf6 2.Nc3 g6 3.e4 d6 4.Nge2 Bg7 5.g3 O-O 6.Bg2 c5 7.O-O Nc6 8.d3 Nd4 9.Nxd4 cxd4
10.Ne2 e5 11.h3 Nd7 12.g4 Nc5 13.Ng3 Qh4 14.Kh2 Ne6 15.Bd2 Nf4 16.Be1 f5 17.f3 Qg5
18.Bd2 Qh4 19.Be1 Qg5 20.Bb4 fxg4 21.fxg4 h5 22.gxh5 gxh5 23.Qf3 h4 24.Nf5 Bxf5 25.exf5
Rxf5 26.Qg4 Qxg4 27.hxg4 Rg5 28.Be4 Rxg4 29.Rg1 Rxg1 30.Rxg1 Kf7 31.Bxd6 Rd8 32.Rxg7+
Kxg7 33.Bxe5+ Kf7 34.Bxf4 b6 35.Kh3 Rh8 36.Be5 Rd8 37.Kxh4 Ke6 38.Bf4 Rf8 39.Kg3 Rg8+
40.Kf2 Rf8 41.Kf3 Kf6 42.b4 1-0

[Event "Frauenbundesliga 2018/2019"]
[Site "St.Veit/Glan Fuchspalast & Blumenhalle; Jenbach Veranstaltungszentrum"]
[Date "2019.03.30"]
[Round "6"]
[Board "3"]
[White "Anker, Christin"]
[Black "Schloffer, Jasmin-Denise"]
[Result "1-0"]
[WhiteElo "1802"]
[BlackElo "2135"]
[PlyCount "55"]
[EventDate "2018.11.17"]
[EventType "team"]
[EventRounds "7"]
[EventCountry "AUT"]
[WhiteTeam "Schach ohne Grenzen"]
[BlackTeam "SK Mayrhofen/Zell/Zillertal"]

1.e4 e5 2.Nf3 Nc6 3.Bc4 Bc5 4.c3 Nf6 5.d4 exd4 6.e5 d5 7.Be2 Ne4 8.cxd4 Bb6 9.O-O
O-O 10.Nc3 f6 11.exf6 Nxf6 12.h3 Be6 13.Be3 Ne7 14.Bd3 Nf5 15.Re1 c6 16.Bf4 Qc8 17.Bc2
Re8 18.Qd3 Bd7 19.Be5 Ne7 20.Nh4 Ne4 21.Nxe4 dxe4 22.Qxe4 g6 23.Qf4 Rf8 24.Qh6 Rf7
25.Bxg6 Nxg6 26.Nxg6 Bf5 27.Nf4 Qd8 28.Re3 1-0

[Event "Frauenbundesliga 2018/2019"]
[Site "St.Veit/Glan Fuchspalast & Blumenhalle; Jenbach Veranstaltungszentrum"]
[Date "2019.03.30"]
[Round "6"]
[Board "4"]
[White "Konecny, Sophie"]
[Black "Kimpel, Janine"]
[Result "1/2-1/2"]
[WhiteElo "1936"]
[BlackElo "1918"]
[PlyCount "162"]
[EventDate "2018.11.17"]
[EventType "team"]
[EventRounds "7"]
[EventCountry "AUT"]
[WhiteTeam "SK Mayrhofen/Zell/Zillertal"]
[BlackTeam "Schach ohne Grenzen"]

1.d4 d5 2.Bf4 Nf6 3.Nf3 c5 4.c3 Nc6 5.e3 Qb6 6.Qb3 c4 7.Qc2 Bf5 8.Qc1 e6 9.h3 h6 10.Nbd2
Qa5 11.Be2 Be7 12.O-O O-O 13.Ne5 Nxe5 14.Bxe5 Rac8 15.Re1 b5 16.Bf3 b4 17.a3 bxa3
18.Bxf6 Bxf6 19.Rxa3 Qb6 20.e4 dxe4 21.Bxe4 Bxe4 22.Rxe4 Rc7 23.Rg4 Kh7 24.Ra4 Qb5
25.Qc2+ Kg8 26.Ne4 Be7 27.Rb4 Qf5 28.Ra4 Rb8 29.Qd2 h5 30.Rf4 Qg6 31.h4 f5 32.Ng3
Bd6 33.Rf3 Rcb7 34.Ra2 f4 35.Ne2 Qb1+ 36.Nc1 Rxb2 37.Rxb2 Rxb2 38.Qe1 Kf7 39.Kh2 a5
40.d5 exd5 41.Qd1 Qe4 42.Qa4 Qe7 43.Qxa5 Qxh4+ 44.Kg1 Rd2 45.Qa4 Qe7 46.Kh2 g5 47.Nd3
cxd3 48.Qd4 Qe6 49.Qh8 Qg6 50.Qa8 Ke6 51.Qc8+ Ke5 52.Qh8+ Kf5 53.Qc8+ Qe6 54.Qh8 Kg4
55.Qd4 Be5 56.Qb4 Re2 57.Qb5 Bxc3 58.Qxd3 d4 59.Qh7 Qf5 60.Qh8 Bb2 61.Rh3 Qg6 62.Qc8+
Re6 63.Qf8 h4 64.Qa8 Kh5 65.Qh8+ Qh6 66.Qb8 Bc3 67.Qb5 Kg6 68.Qd5 Kf7 69.Qd7+ Re7
70.Qf5+ Qf6 71.Qd5+ Kg7 72.Qf3 Rd7 73.Qg4 Rd8 74.Rxh4 f3 75.g3 Re8 76.Rh5 Kg6 77.Rh3
Rh8 78.Qe4+ Kf7 79.Qb7+ Kg6 80.Qe4+ Kf7 81.Qb7+ Kg6 1/2-1/2

[Event "Frauenbundesliga 2018/2019"]
[Site "St.Veit/Glan Fuchspalast & Blumenhalle; Jenbach Veranstaltungszentrum"]
[Date "2019.03.30"]
[Round "6"]
[Board "1"]
[White "Imnadze, Nato"]
[Black "Cvitan, Ena"]
[Result "1/2-1/2"]
[WhiteElo "2251"]
[BlackElo "2203"]
[PlyCount "71"]
[EventDate "2018.11.17"]
[EventType "team"]
[EventRounds "7"]
[EventCountry "AUT"]
[WhiteTeam "SK Advisory Invest Baden"]
[BlackTeam "SV Wulkaprodersdorf"]

1.e4 c6 2.d4 d5 3.Nc3 dxe4 4.Nxe4 Nf6 5.Nxf6+ exf6 6.c3 Bd6 7.Bd3 O-O 8.Qc2 Re8+ 9.Ne2
h5 10.Be3 Nd7 11.Ng3 Nb6 12.O-O Nd5 13.Ne4 Bc7 14.Bd2 f5 15.Ng5 g6 16.Rfe1 Bd7 17.Rxe8+
Bxe8 18.Re1 Qd6 19.g3 Rd8 20.a3 b5 21.c4 bxc4 22.Bxc4 Bb6 23.Qd3 Kg7 24.Nf3 f6 25.Bxd5
Qxd5 26.Qe3 f4 27.Qxf4 g5 28.Qe4 Bf7 29.Qd3 Bxd4 30.Nxd4 Qxd4 31.Qxd4 Rxd4 32.Be3
Rd7 33.Bc5 a5 34.Kg2 a4 35.Be3 Bd5+ 36.Kg1 1/2-1/2

[Event "Frauenbundesliga 2018/2019"]
[Site "St.Veit/Glan Fuchspalast & Blumenhalle; Jenbach Veranstaltungszentrum"]
[Date "2019.03.30"]
[Round "6"]
[Board "2"]
[White "Moerwald, Magdalena"]
[Black "Trippold, Denise"]
[Result "1/2-1/2"]
[WhiteElo "1838"]
[BlackElo "2162"]
[PlyCount "81"]
[EventDate "2018.11.17"]
[EventType "team"]
[EventRounds "7"]
[EventCountry "AUT"]
[WhiteTeam "SV Wulkaprodersdorf"]
[BlackTeam "SK Advisory Invest Baden"]

1.e4 c5 2.Nf3 e6 3.b3 b6 4.Bb2 Bb7 5.Nc3 Nf6 6.d3 d5 7.exd5 exd5 8.d4 Be7 9.Be2 O-O
10.O-O Nc6 11.Na4 Ne4 12.c4 Bf6 13.cxd5 Nxd4 14.Nxd4 cxd4 15.Bxd4 Qxd5 16.Bxf6 Nd2
17.Bf3 Nxf3+ 18.Qxf3 Qxf3 19.gxf3 gxf6 20.f4 Kh8 21.f3 Rad8 22.Rad1 Rxd1 23.Rxd1 Bxf3
24.Rd7 Rg8+ 25.Kf1 Bg2+ 26.Ke1 Bc6 27.Rxa7 Rg1+ 28.Kf2 Rg2+ 29.Ke3 Rxa2 30.Rxf7 Ra3
31.Nc3 Rxb3 32.Kd3 f5 33.Rxf5 Kg7 34.Kd4 Rb2 35.h4 h6 36.Re5 Rb4+ 37.Ke3 Rc4 38.Nd5
Bxd5 39.Rxd5 Rb4 40.Rd6 b5 41.h5 1/2-1/2